Guess the Celebrities - Statistics

General Stats
  • This quiz has been taken 52 times
  • The average score is 7 of 16
Answer Stats
Picture Answer % Correct
Brad Pitt
96%
Michael Jackson
96%
Tom Hanks
96%
Clint Eastwood
72%
Mick Jagger
57%
Ellen DeGeneres
52%
Billy Crystal
46%
Simon Cowell
46%
Ben Stiller
39%
Joe Biden
35%
George Clooney
33%
Jimmy Carter
26%
Ryan Seacrest
13%
Drew Carey
7%
Larry David
4%
Steven Spielberg
4%
No matching quizzes found
Score Distribution
Percent of People with Each Score
Percentile by Number Answered
Your Score History
You have not taken this quiz